Устройство и ремонт воздушных линий электропередачи: учебник

מידע ביבליוגרפי
מחבר ראשי: Зеличенко А. С. Абрам Симхович
מחברים אחרים: Смирнов Б. И. Борис Иванович
שפה:רוסית
יצא לאור: Москва, Высшая школа, 1981
מהדורה:4-е изд., перераб. и доп.
סדרה:Профтехобразование
נושאים:
פורמט: ספר
KOHA link:https://koha.lib.tpu.ru/cgi-bin/koha/opac-detail.pl?biblionumber=85979

MARC

LEADER 00000nam0a2200000 4500
001 85979
005 20231031101348.0
020 |a RU  |b 81-39986 
035 |a (RuTPU)RU\TPU\book\92359 
090 |a 85979 
100 |a 20051121d1981 m y0rusy5003 ca 
101 0 |a rus 
102 |a RU 
105 |a a j 000zy 
200 1 |a Устройство и ремонт воздушных линий электропередачи  |e учебник   |f А. С. Зеличенко, Б. И. Смирнов 
205 |a 4-е изд., перераб. и доп. 
210 |a Москва  |c Высшая школа  |d 1981 
215 |a 264 с.  |c ил. 
225 1 |a Профтехобразование 
610 1 |a линии электропередачи 
610 1 |a устройство 
610 1 |a ремонт 
610 1 |a повреждения 
610 1 |a деревянные опоры 
610 1 |a металлические опоры 
610 1 |a механизация 
610 1 |a такелажные работы 
610 1 |a учебники 
700 1 |a Зеличенко  |b А. С.  |g Абрам Симхович 
701 1 |a Смирнов  |b Б. И.  |g Борис Иванович 
801 0 |a RU  |b RuMRKP  |c 19950704  |g psbo 
801 1 |a RU  |b 63413507  |c 20051121  |g PSBO 
801 2 |a RU  |b 63413507  |c 20160331  |g PSBO 
942 |c BK